000
00206nam a2200085Ia 4500
008
170620s9999 xx 000 0 und d
100
_a
Chitkara- M.G
245
0
_a
Education and Human Values
260
_b
New Delhi- A.P.H
260
_c
2010
999
_c
25772
_d
25772